| 000 | 01309nam a2200337 i 4500 | ||
|---|---|---|---|
| 003 | EG-GICUC | ||
| 005 | 20260121101416.0 | ||
| 008 | 251202s2016 JO ||||fr|||| 00| 0 ara d | ||
| 040 |
_a EG-GICUC _bara _c EG-GICUC _d EG-GICUC _erda |
||
| 041 | 0 | _aara | |
| 082 | 0 | 4 |
_221 _a343.3.0569 _bص ل ,د |
| 092 | 0 | 4 | _221 |
| 099 | _aLaw1 10 343.3.0569 ص ل ,د 1 ed 2016 | ||
| 100 | 0 |
_aصالح موسي خليل _eمؤلف. |
|
| 245 | 1 |
_aدراسة في ظل قانون الإجراءات الجزائية الفلسطيني رقم (3) لسنة 2001 / _c. المحامي صالح موسي خليل |
|
| 246 | _aالطبعة الأولي | ||
| 264 | 1 |
_a :عمان _bدار العبدلي للنشر والتوزيع, _c2016 . |
|
| 300 |
_aصفحة 217 ؛ _c .24 سم |
||
| 336 |
_2rda content _atext |
||
| 337 |
_2rda media _aComputer |
||
| 338 |
_2rda carrier _aOnline Resource |
||
| 504 | _a. 240-220 ببليوجرافيا: صفحات. | ||
| 546 | _aالنص باللغة العربية | ||
| 650 | 1 | 4 |
_aقانون الإجراءات الجنائية _2qrmak |
| 650 | 1 | 4 | _aقانون الإجراءات الفلسطنية |
| 650 | 1 | 4 | _aالقانون الجنائي |
| 651 | 1 | _2qrmak | |
| 856 | 4 | 0 | _uhttps://fll.law.cu.edu.eg/fulltext/bks/B10-05594.pdf |
| 905 | _a70 | ||
| 942 |
_2ddc _cBK _e21 _n0 |
||
| 999 |
_c47888 _d47888 |
||